| 000 | 00581nam a22001697a 4500 | ||
|---|---|---|---|
| 008 | 140618b xxu||||| |||| 00| 0 ara d | ||
| 100 |
_aزيتوني، عبد الغني أحمد _94154 |
||
| 245 |
_aالإنسان في الشعر الجاهلي/ _cعبد الغني أحمد زيتوني |
||
| 250 | _aالأولي | ||
| 260 |
_aالإمارات _bمركز زايد للتراث و التاريخ _c2001 |
||
| 300 | _a1 | ||
| 650 |
_aشعر _96243 |
||
| 653 | _aالآداب | ||
| 902 | _adone | ||
| 856 | _uhttp://elibrary.mediu.edu.my/books/MEDIU0368.pdf | ||
| 942 |
_2ddc _cCF |
||
| 999 |
_c63476 _d63476 |
||